বিজ্ঞান বিচিত্রা / (Record no. 47703)
[ view plain ]
| 000 -LEADER | |
|---|---|
| fixed length control field | 01336nam a2200277 a 4500 |
| 001 - CONTROL NUMBER | |
| control field | 47703 |
| 003 - CONTROL NUMBER IDENTIFIER | |
| rucl marc code | BD-RjUL |
| 005 - DATE AND TIME OF LATEST TRANSACTION | |
| control field | 20211209054355.0 |
| 008 - FIXED-LENGTH DATA ELEMENTS--GENERAL INFORMATION | |
| fixed length control field | 160810s1963 pk a|||| |||| 00| 0 ben d |
| 035 ## - SYSTEM CONTROL NUMBER | |
| System control number | (BD-RjUL)47822 |
| 040 ## - CATALOGING SOURCE | |
| Original cataloging agency | BD-RjUL |
| Language of cataloging | ben |
| Transcribing agency | BD-RjUL |
| Modifying agency | BD-RjUL |
| 041 ## - LANGUAGE CODE | |
| Language code of text/sound track or separate title | ben |
| 082 ## - DEWEY DECIMAL CLASSIFICATION NUMBER | |
| Edition number | 23 |
| Classification number | 600 |
| Author mark and year | CRB 1963 |
| 100 1# - MAIN ENTRY--PERSONAL NAME | |
| Personal name | ক্রাউস, উইলিয়াম এইচ |
| 9 (RLIN) | 234086 |
| 245 10 - TITLE STATEMENT | |
| Title | বিজ্ঞান বিচিত্রা / |
| Statement of responsibility, etc. | উইলিয়াম এইচ ক্রাউস ; অনুবাদ: বেগম খালেদা খানম |
| 250 ## - EDITION STATEMENT | |
| Edition statement | ৩য় পরিমার্জিত ও পরিবর্ধিত সং. |
| 260 ## - PUBLICATION, DISTRIBUTION, ETC. (IMPRINT) | |
| Place of publication, distribution, etc. | চট্টগ্রাম : |
| Name of publisher, distributor, etc. | বই ঘর, |
| Date of publication, distribution, etc. | ১৯৬৩ |
| 300 ## - PHYSICAL DESCRIPTION | |
| Pagination | [১২], ২৬৩ পৃ. : |
| Illustrations | চিত্র ; |
| Size | ২১ সেমি. |
| 500 ## - GENERAL NOTE | |
| General note | " William H Crouseর Understanding scienceর অনুবাদ" |
| 650 ## - SUBJECT ADDED ENTRY--TOPICAL TERM | |
| Topical term or geographic name as entry element | প্রযুক্তি |
| General subdivision | কিশোর সাহিত্য |
| 9 (RLIN) | 234087 |
| Topical term or geographic name as entry element | Technology |
| General subdivision | Juvenile literature. |
| 9 (RLIN) | 234088 |
| Topical term or geographic name as entry element | বিজ্ঞান |
| General subdivision | কিশোর সাহিত্য |
| 9 (RLIN) | 234089 |
| Topical term or geographic name as entry element | Science |
| General subdivision | Juvenile literature. |
| 9 (RLIN) | 234090 |
| 700 ## - ADDED ENTRY--PERSONAL NAME | |
| Personal name | খানম, বেগম খালেদা, অনুবাদক |
| 942 ## - ADDED ENTRY ELEMENTS (KOHA) | |
| Source of classification or shelving scheme | Dewey Decimal Classification |
| Koha item type | Books |
| Lost status | Source of classification or shelving scheme | Damaged status | Not for loan | Collection code | Permanent Location | Current Location | Shelving location | Date acquired | Source of acquisition | Total Checkouts | Full call number | Date last seen | Copy number | Koha item type |
|---|---|---|---|---|---|---|---|---|---|---|---|---|---|---|
| Dewey Decimal Classification | Fiction | Central Library, University of Rajshahi | Central Library, University of Rajshahi | 20/08/1967 | U. S. S. | B 600 CRB 1963 | 10/08/2016 | C-1 | Books | |||||
| Dewey Decimal Classification | Fiction | Central Library, University of Rajshahi | Central Library, University of Rajshahi | 20/04/1967 | U. S. S. | B 600 CRB 1963 | 28/10/2019 | C-2 | Books |